10 Największych miast w województwie Małopolskim - Statystyki

Ogólne statystyki
  • Ten quiz został rozwiązany 54 razy
  • Średni wynik to 7 z 10
Statystyki odpowiedzi
Populacja Miasto % Poprawnych
803 tys. Kraków
100%
81 tys. Nowy Sącz
83%
105 tys. Tarnów
81%
33 tys. Nowy Targ
77%
27 tys. Wieliczka
71%
29 tys. Bochnia
67%
36 tys. Oświęcim
65%
33 tys. Olkusz
46%
35 tys. Chrzanów
44%
26 tys. Gorlice
27%
Nie znaleziono quizów pasujących do podanych kryteriów
Rozkład punktacji
Procent ludzi z każdym wynikiem
Percentyl według liczby udzielonych odpowiedzi
Twoja historia wyników
Nie rozwiązałeś tego quizu